000 00392nam a22001577a 4500
003 OSt
005 20251119084343.0
008 251119b |||||||| |||| 00| 0 eng d
020 _a0789414104
040 _cDK Publishing
050 _aE 178 .M87 1996
245 _aAmerican peoples
_cMurdoch, David
250 _aFirst Edition
260 _aNew York
_bDK Publishing
_c1996
942 _2ddc
_cBK
_n0
999 _c9830
_d9830